| 000 | 00535nam a2200205 i 4500 | ||
|---|---|---|---|
| 001 | 94189 | ||
| 003 | ES-MaACL | ||
| 005 | 20230906181425.0 | ||
| 007 | t| | ||
| 008 | 050630s2004 sp ||||1| spa d | ||
| 020 | _a84-7888-919-1 | ||
| 080 | _a821.131.1-31"19" | ||
| 100 | 1 |
_aMonaldi, Rita. _982102 |
|
| 245 | 1 | 0 |
_aImprimatur / _cMonaldi & Sordi. |
| 250 | _a1ยช ed. | ||
| 260 |
_aBarcelona : _bSalamandra, _c2004. |
||
| 300 |
_a631 p. ; _c23 cm. |
||
| 700 | 1 |
_aSorti, Francisco. _9107430 |
|
| 852 |
_aES-MaACL _jL-29247 _bR.135782 |
||
| 999 |
_c94189 _d94189 |
||